[Event "GER-ch U25-B"]
[Site "Willingen"]
[Date "2019.06.12"]
[Round "5"]
[White "Petersen, Finn Christopher"]
[Black "Grossmann, Piet"]
[Result "1-0"]
[WhiteElo "1780"]
[BlackElo "1801"]
[PlyCount "73"]
[EventDate "2019.06.08"]
[EventType "swiss"]
[EventRounds "9"]
[EventCountry "GER"]
[SourceTitle "CBM 191 Extra"]
[Source "ChessBase"]
[SourceDate "2019.09.30"]
[SourceVersion "1"]
[SourceVersionDate "2019.09.30"]
[SourceQuality "1"]

1. e4 e6 2. g3 d5 3. Bg2 c5 4. exd5 exd5 5. Ne2 Nf6 6. 0-0 Be7 7. d4 0-0 8. Nbc3 Bg4 9. h3 Bxe2 10. Nxe2 Nc6 11. c3 h6 12. Rb1 Qd7 13. Be3 c4 14. Kh2 Bd6 15. Nf4 Bxf4 16. Bxf4 Rfe8 17. Qf3 Re4 18. Bxh6 Ng4+ 19. hxg4 gxh6 20. Rbe1 Rae8 21. Rxe4 Rxe4 22. Qd1 Re6 23. Bh3 Qe7 24. g5 Rg6 25. gxh6 Rxh6 26. Qg4+ Rg6 27. Qf3 Rd6 28. Qe3 Re6 29. Bxe6 fxe6 30. Kg2 Kg7 31. Rh1 Qf6 32. f4 Qg6 33. Kf3 a6 34. g4 a5 35. g5 Nd8 36. Qe5+ Kf7 37. Qc7+ 1-0

[Event "GER-ch U25-B"]
[Site "Willingen"]
[Date "2019.06.09"]
[Round "1"]
[White "Petersen, Finn Christopher"]
[Black "Peglau, Sarah"]
[Result "1/2-1/2"]
[WhiteElo "1780"]
[BlackElo "1471"]
[PlyCount "63"]
[EventDate "2019.06.08"]
[EventType "swiss"]
[EventRounds "9"]
[EventCountry "GER"]
[SourceTitle "CBM 191 Extra"]
[Source "ChessBase"]
[SourceDate "2019.09.30"]
[SourceVersion "1"]
[SourceVersionDate "2019.09.30"]
[SourceQuality "1"]

1. e4 e6 2. d4 d5 3. Nc3 dxe4 4. Nxe4 Bd7 5. c3 Bc6 6. Ng3 Nd7 7. Nf3 Ngf6 8. Bd3 Be7 9. 0-0 0-0 10. Bf4 Bxf3 11. Qxf3 Nd5 12. Rae1 c5 13. dxc5 Nxc5 14. Bc2 Qb6 15. b3 Bf6 16. Be5 Nd7 17. Bxf6 N7xf6 18. Nh5 Rfd8 19. Re5 Rac8 20. c4 Nxh5 21. Bxh7+ Kxh7 22. Rxh5+ Kg8 23. cxd5 exd5 24. Rxd5 Rxd5 25. Qxd5 Rc2 26. b4 Qxb4 27. Rd1 Qc5 28. Qd8+ Qf8 29. Qa5 Qc5 30. Qd8+ Qf8 31. Qa5 Qc5 32. Qd8+ 1/2-1/2

[Event "GER-ch U25-A"]
[Site "Willingen"]
[Date "2018.05.25"]
[Round "8"]
[White "Moeller, Lisa Marie"]
[Black "Petersen, Finn Christopher"]
[Result "1-0"]
[WhiteElo "1830"]
[BlackElo "1886"]
[PlyCount "47"]
[EventDate "2018.05.19"]
[EventType "swiss"]
[EventRounds "9"]
[EventCountry "GER"]
[SourceTitle "CBM 184 Extra"]
[Source "ChessBase"]
[SourceDate "2018.06.28"]
[SourceVersion "1"]
[SourceVersionDate "2018.06.28"]
[SourceQuality "1"]

1. e4 e5 2. Nc3 Nf6 3. f4 d5 4. fxe5 Nxe4 5. Qf3 Nxc3 6. bxc3 c5 7. Nh3 Nc6 8. Nf4 Be6 9. Nxe6 fxe6 10. Bb5 Qe7 11. 0-0 g6 12. d4 Bg7 13. Ba3 Rf8 14. Qh3 Bxe5 15. Bxc6+ bxc6 16. Rxf8+ Kxf8 17. dxe5 Kg7 18. Qe3 Rb8 19. Bxc5 Qh4 20. Bb4 d4 21. Qf2 Qe4 22. Bd6 Rc8 23. Rf1 dxc3 24. Bf8+ 1-0

[Event "Schleswig-Holstein-ch Kandidaten"]
[Site "Bad Segeberg"]
[Date "2018.03.29"]
[Round "8"]
[White "Petersen, Finn Christopher"]
[Black "Gombert, Reiner"]
[Result "1/2-1/2"]
[WhiteElo "1809"]
[BlackElo "1922"]
[PlyCount "129"]
[EventDate "2018.03.24"]
[EventType "swiss"]
[EventRounds "9"]
[EventCountry "GER"]
[SourceTitle "EXT 2023"]
[Source "ChessBase"]
[SourceDate "2022.10.05"]
[SourceVersion "1"]
[SourceVersionDate "2022.10.05"]
[SourceQuality "1"]

1. e4 c5 2. Nf3 Nc6 3. d4 cxd4 4. Nxd4 Nf6 5. Nc3 d6 6. Be3 e5 7. Nb3 Be7 8. f3 Be6 9. Nd5 Bxd5 10. exd5 Nb8 11. Qd2 Nbd7 12. c4 b6 13. Nc1 Qc7 14. b3 Nc5 15. Nd3 Nxd3+ 16. Bxd3 Nd7 17. 0-0 0-0 18. Qc2 g6 19. Bh6 Rfe8 20. f4 f5 21. Kh1 e4 22. Be2 Bf6 23. Rae1 Bg7 24. Bg5 h5 25. Bd1 Rac8 26. Re3 b5 27. Be2 bxc4 28. bxc4 Rb8 29. Rg3 Kf7 30. Qd1 Rh8 31. Rb3 Nc5 32. Rxb8 Qxb8 33. Qb1 Qc7 34. Bh4 Rb8 35. Qd1 Qa5 36. Bxh5 Qxa2 37. Rf2 Qb1 38. Rf1 Qa2 39. Rf2 Qxc4 40. Be2 Nd3 41. Rf1 Rb2 42. g4 Qc2 43. Qxc2 Rxc2 44. Bd1 Rc1 45. gxf5 gxf5 46. Bh5+ Kf8 47. Rxc1 Nxc1 48. Bg6 e3 49. Bxf5 e2 50. Be1 Bh6 51. Kg2 Bxf4 52. h4 Kg7 53. Kf3 Bh6 54. Kg4 Nb3 55. Bd3 Nc1 56. Bc2 Kf6 57. Bc3+ Ke7 58. Kf5 Kf7 59. Be1 Be3 60. Ke4 Bh6 61. Kd4 Bg7+ 62. Kc4 Be5 63. Kb5 Bd4 64. Kc4 Be5 65. Kb5 1/2-1/2

[Event "Rostock SSC 07 op 15th"]
[Site "Rostock"]
[Date "2016.07.30"]
[Round "6"]
[White "Petersen, Finn Christopher"]
[Black "Nauschuetz, Ernst"]
[Result "0-1"]
[WhiteElo "1683"]
[BlackElo "1967"]
[PlyCount "78"]
[EventDate "2016.07.27"]
[EventType "swiss"]
[EventRounds "7"]
[EventCountry "GER"]
[SourceTitle "EXT 2017"]
[Source "ChessBase"]
[SourceDate "2016.10.25"]
[SourceVersion "1"]
[SourceVersionDate "2016.10.25"]
[SourceQuality "1"]

1. e4 c5 2. Nc3 g6 3. g3 Bg7 4. Bg2 Nc6 5. f4 d6 6. Nf3 Nf6 7. 0-0 0-0 8. d3 Bg4 9. Be3 Rb8 10. h3 Bxf3 11. Bxf3 Ne8 12. f5 b5 13. Qc1 b4 14. Ne2 Nc7 15. Bh6 f6 16. h4 Ne5 17. Bg2 Rf7 18. Bh3 Bxh6 19. Qxh6 Qf8 20. Qxf8+ Rfxf8 21. Nf4 Kg7 22. b3 a5 23. a3 Ra8 24. axb4 axb4 25. fxg6 hxg6 26. Ne6+ Nxe6 27. Bxe6 Rfd8 28. Bd5 Rxa1 29. Rxa1 Nf3+ 30. Kf2 Nd4 31. Rc1 e6 32. Bc4 Ra8 33. Ke1 Ra2 34. Kd1 f5 35. Kd2 Kf6 36. g4 f4 37. g5+ Ke5 38. h5 gxh5 39. Rg1 Nf3+ 0-1

[Event "GER-chT U20"]
[Site "Osnabrueck"]
[Date "2013.12.30"]
[Round "7.6"]
[White "Petersen, Finn Christopher"]
[Black "Valledor Pereira, Dominik Damian"]
[Result "0-1"]
[WhiteElo "1600"]
[BlackElo "1571"]
[PlyCount "84"]
[EventDate "2013.12.27"]
[EventType "team-swiss"]
[EventRounds "7"]
[EventCountry "GER"]
[SourceTitle "EXT 2015"]
[Source "ChessBase"]
[SourceDate "2014.11.20"]
[SourceVersion "1"]
[SourceVersionDate "2014.11.20"]
[SourceQuality "1"]
[WhiteTeam "Kiel Doppelbauer"]
[BlackTeam "Lippstadt Turm"]
[WhiteTeamCountry "GER"]
[BlackTeamCountry "GER"]

1. e4 c5 2. Nc3 g6 3. f4 Bg7 4. Nf3 Nc6 5. Bb5 Nd4 6. 0-0 a6 7. Be2 d6 8. Kh1 Nf6 9. d3 0-0 10. Nxd4 cxd4 11. Nb1 Qc7 12. c4 Nd7 13. Qe1 Nc5 14. f5 Bd7 15. Qh4 b5 16. Bh6 f6 17. Rf3 g5 18. Qh3 Qd8 19. Rg3 Qe8 20. Nd2 e6 21. Bg4 e5 22. Be2 Qe7 23. Nf3 Bxh6 24. Qxh6 Qg7 25. Qh5 h6 26. h4 Be8 27. Qg4 h5 28. Qh3 g4 29. Qh2 Kh7 30. Ne1 Qh6 31. Bd1 Qd2 32. Bc2 Qf4 33. Kg1 bxc4 34. Rd1 Rb8 35. dxc4 Nxe4 36. Bxe4 Qxe4 37. b3 Qxf5 38. Nd3 e4 39. Rf1 Qe6 40. Nf4 Qe5 41. Nd5 f5 42. Kf2 f4 0-1

[Event "Kiel Cup U20"]
[Site "Kiel"]
[Date "2012.10.07"]
[Round "7"]
[White "Petersen, Finn Christopher"]
[Black "Birkhahn, Mattis"]
[Result "1/2-1/2"]
[WhiteElo "1238"]
[BlackElo "1695"]
[PlyCount "58"]
[EventDate "2012.10.??"]
[EventType "swiss"]
[EventRounds "7"]
[EventCountry "GER"]
[SourceTitle "EXT 2015"]
[Source "ChessBase"]
[SourceDate "2014.11.20"]
[SourceVersion "1"]
[SourceVersionDate "2014.11.20"]
[SourceQuality "1"]

1. e4 c5 2. Nf3 g6 3. d4 Bg7 4. c3 cxd4 5. cxd4 d5 6. exd5 Nf6 7. Nc3 Nxd5 8. Bc4 Nxc3 9. bxc3 0-0 10. Ba3 Bg4 11. h3 Qc7 12. Qe2 Bxf3 13. gxf3 b5 14. Bd5 Qxc3+ 15. Kf1 Qxa1+ 16. Kg2 Qc3 17. Bb2 Qc7 18. Bxa8 Nd7 19. Rc1 Qf4 20. Bc6 Nb6 21. Bxb5 Bxd4 22. Bxd4 Qg5+ 23. Kh2 Qxc1 24. Qe5 f6 25. Qe6+ Kh8 26. Qxe7 Qf4+ 27. Kg2 Kg8 28. Qe6+ Kg7 29. Be3 Qf5 1/2-1/2

[Event "Kiel Cup U20"]
[Site "Kiel"]
[Date "2012.10.05"]
[Round "5"]
[White "Petersen, Finn Christopher"]
[Black "Kololli, Martin"]
[Result "0-1"]
[WhiteElo "1238"]
[BlackElo "1816"]
[PlyCount "78"]
[EventDate "2012.10.??"]
[EventType "swiss"]
[EventRounds "7"]
[EventCountry "GER"]
[SourceTitle "EXT 2015"]
[Source "ChessBase"]
[SourceDate "2014.11.20"]
[SourceVersion "1"]
[SourceVersionDate "2014.11.20"]
[SourceQuality "1"]

1. e4 e5 2. Nf3 Nc6 3. d4 exd4 4. c3 d5 5. exd5 Qxd5 6. cxd4 Bg4 7. Be2 Bb4+ 8. Nc3 Bxf3 9. Bxf3 Qc4 10. Qe2+ Qxe2+ 11. Kxe2 Nxd4+ 12. Kd3 0-0-0 13. Kc4 Bxc3 14. Kxc3 Nxf3 15. gxf3 Ne7 16. Kc2 Nf5 17. Be3 Nd4+ 18. Bxd4 Rxd4 19. Rhg1 g6 20. Rad1 Rhd8 21. Rxd4 Rxd4 22. Rg4 Rxg4 23. fxg4 Kd7 24. f4 Ke6 25. Kd3 Kd5 26. b3 c5 27. a4 b6 28. g5 a6 29. Ke3 b5 30. axb5 axb5 31. Kd3 c4+ 32. bxc4+ bxc4+ 33. Ke3 c3 34. Kd3 c2 35. Kxc2 Ke4 36. Kd2 Kxf4 37. h4 Kg4 38. Ke3 Kxh4 39. Kf4 Kh5 0-1

[Event "Kiel Cup U20"]
[Site "Kiel"]
[Date "2012.10.04"]
[Round "2"]
[White "Tiedemann, Fin Niklas"]
[Black "Petersen, Finn Christopher"]
[Result "0-1"]
[WhiteElo "1552"]
[BlackElo "1238"]
[PlyCount "53"]
[EventDate "2012.10.??"]
[EventType "swiss"]
[EventRounds "7"]
[EventCountry "GER"]
[SourceTitle "EXT 2015"]
[Source "ChessBase"]
[SourceDate "2014.11.20"]
[SourceVersion "1"]
[SourceVersionDate "2014.11.20"]
[SourceQuality "1"]

1. e4 e5 2. Nc3 Nf6 3. f4 d5 4. fxe5 Nxe4 5. d3 Nxc3 6. bxc3 d4 7. Nf3 Bg4 8. Be2 dxc3 9. 0-0 Nc6 10. Qe1 Nd4 11. Nxd4 Qxd4+ 12. Kh1 Be6 13. Bf3 Be7 14. Bxb7 Bh4 15. Bc6+ Kd8 16. Bg5+ Bxg5 17. Bxa8 Bd2 18. Qe4 Qxe4 19. Bxe4 Ke7 20. Bf5 Rb8 21. Bxe6 Kxe6 22. Rab1 Rb2 23. Rxb2 cxb2 24. Rd1 Bc1 25. Kg1 b1Q 26. Kf1 Qxc2 27. d4 0-1